[Event "December Evenings 2018"]
[Site "Chelyabinsk"]
[Date "2018.12.08"]
[Round "1.1"]
[White "Prudnikova, Svetlana"]
[Black "Mukhina, Jana"]
[Result "1-0"]
[BlackElo "2072"]
[WhiteElo "2235"]
[LiveChessVersion "1.4.8"]

1. Nf3 {[%clk 1:30:58]} Nf6 {[%clk 1:30:52]} 2. c4 {[%clk 1:31:15]} g6
{[%clk 1:31:08]} 3. Nc3 {[%clk 1:31:36]} Bg7 {[%clk 1:31:33]} 4. e4
{[%clk 1:31:47]} d6 {[%clk 1:31:54]} 5. d4 {[%clk 1:32:05]} O-O {[%clk 1:32:21]}
6. Be2 {[%clk 1:32:29]} e5 {[%clk 1:32:26]} 7. d5 {[%clk 1:32:33]} a5
{[%clk 1:32:42]} 8. Bg5 {[%clk 1:32:36]} h6 {[%clk 1:33:02]} 9. Be3
{[%clk 1:32:28]} Ng4 {[%clk 1:28:10]} 10. Bd2 {[%clk 1:32:43]} f5
{[%clk 1:27:08]} 11. h3 {[%clk 1:32:53]} Nf6 {[%clk 1:07:54]} 12. exf5
{[%clk 1:32:56]} gxf5 {[%clk 1:05:35]} 13. Qc1 {[%clk 1:33:04]} f4
{[%clk 1:02:12]} 14. g3 {[%clk 1:32:46]} e4 {[%clk 0:51:07]} 15. Nh4
{[%clk 1:28:10]} e3 {[%clk 0:44:02]} 16. fxe3 {[%clk 1:27:55]} fxg3
{[%clk 0:44:03]} 17. Ng6 {[%clk 1:26:41]} Rf7 {[%clk 0:36:18]} 18. Rg1
{[%clk 1:22:05]} Bf5 {[%clk 0:29:16]} 19. Rxg3 {[%clk 1:09:48]} Bxg6
{[%clk 0:28:15]} 20. Rxg6 {[%clk 1:08:57]} Nbd7 {[%clk 0:25:46]} 21. Qc2
{[%clk 1:06:12]} Ne5 {[%clk 0:23:33]} 22. Rg3 {[%clk 0:51:44]} c6
{[%clk 0:14:03]} 23. dxc6 {[%clk 0:43:17]} bxc6 {[%clk 0:13:51]} 24. O-O-O
{[%clk 0:43:39]} Kh8 {[%clk 0:12:25]} 25. e4 {[%clk 0:37:45]} a4 {[%clk 0:10:52]}
26. Kb1 {[%clk 0:36:59]} a3 {[%clk 0:06:19]} 27. b3 {[%clk 0:37:09]} Nfd7
{[%clk 0:03:14]} 28. Be3 {[%clk 0:31:17]} Qh4 {[%clk 0:03:35]} 29. Rxg7
{[%clk 0:27:20]} Rxg7 {[%clk 0:02:29]} 30. Rxd6 {[%clk 0:27:44]} Rg6
{[%clk 0:01:09]} 31. Rxg6 {[%clk 0:19:41]} Nxg6 {[%clk 0:01:38]} 32. Qd2
{[%clk 0:20:05]} Rd8 {[%clk 0:01:29]} 33. Bxh6 {[%clk 0:18:49]} Nc5
{[%clk 0:00:37]} 34. Qg5 Nxe4 {[%clk 0:00:41]} 35. Qxh4 {[%clk 0:14:36]} Nxc3+
{[%clk 0:01:10]} 36. Kc2 {[%clk 0:15:05]} Nxh4 {[%clk 0:01:30]} 37. Kxc3
{[%clk 0:15:22]} Nf5 {[%clk 0:00:36]} 38. Bc1 {[%clk 0:14:28]} Nd6 39. Bf3
{[%clk 0:13:55]} c5 {[%clk 0:00:33]} 40. Bxa3 {[%clk 0:14:04]} Rc8
{[%clk 0:00:46]} 41. Bc1 {[%clk 0:12:57]} Kg7 {[%clk 0:00:39]} 42. a3
{[%clk 0:10:49]} Kf6 {[%clk 0:00:55]} 43. Bf4 {[%clk 0:10:49]} Nf7
{[%clk 0:00:42]} 44. b4 {[%clk 0:09:33]} Rh8 {[%clk 0:00:40]} 45. Bg4
{[%clk 0:09:32]} Ne5 {[%clk 0:00:44]} 46. Bxe5+ {[%clk 0:08:58]} Kxe5
{[%clk 0:01:12]} 47. bxc5 {[%clk 0:09:21]} Rb8 {[%clk 0:00:51]} 48. Bd7 Ra8
{[%clk 0:00:32]} 49. a4 {[%clk 0:07:06]} Ra7 {[%clk 0:00:43]} 50. c6
{[%clk 0:07:15]} Kd6 {[%clk 0:00:56]} 51. Kb4 {[%clk 0:07:25]} Kc7
{[%clk 0:00:34]} 52. h4 {[%clk 0:05:46]} Ra8 {[%clk 0:00:48]} 53. h5
{[%clk 0:05:26]} Rb8+ {[%clk 0:01:00]} 54. Kc3 {[%clk 0:03:07]} Ra8
{[%clk 0:00:54]} 55. Kd4 {[%clk 0:01:39]} Rxa4 {[%clk 0:01:18]} 56. h6
{[%clk 0:01:11]} Ra5 {[%clk 0:00:59]} 57. Be8 {[%clk 0:01:05]} Ra8
{[%clk 0:00:34]} 58. Bg6 {[%clk 0:01:02]} Rh8 {[%clk 0:00:41]} 59. h7
{[%clk 0:01:28]} Kxc6 {[%clk 0:01:02]} 60. Be4+ {[%clk 0:01:50]} Kd6
{[%clk 0:01:21]} 61. c5+ {[%clk 0:01:54]} Ke6 {[%clk 0:00:34]} 62. Bd5+
{[%clk 0:02:03]} Kf6 {[%clk 0:00:32]} 63. Bg8 {[%clk 0:02:23]} Ke7
{[%clk 0:00:50]} 64. Kd5 {[%clk 0:02:52]} Kd7 {[%clk 0:00:50]} 65. c6+
{[%clk 0:03:14]} Kc7 {[%clk 0:00:00]} 66. Ke4 1-0

[Event "December Evenings 2018"]
[Site "Chelyabinsk"]
[Date "2018.12.08"]
[Round "1.2"]
[White "Petrenko, Svetlana"]
[Black "Petrukhina, Olga"]
[Result "0-1"]
[BlackElo "2139"]
[WhiteElo "2115"]
[LiveChessVersion "1.4.8"]

1. d4 {[%clk 1:30:59]} e6 {[%clk 1:30:57]} 2. g3 {[%clk 1:31:16]} d5
{[%clk 1:31:22]} 3. Bg2 {[%clk 1:31:39]} Nf6 {[%clk 1:31:47]} 4. Nf3
{[%clk 1:31:46]} Be7 {[%clk 1:32:13]} 5. O-O {[%clk 1:31:38]} O-O
{[%clk 1:32:40]} 6. b3 {[%clk 1:31:18]} c5 {[%clk 1:32:37]} 7. dxc5
{[%clk 1:29:43]} Bxc5 {[%clk 1:32:44]} 8. Bb2 {[%clk 1:30:09]} Nc6
{[%clk 1:32:56]} 9. e3 {[%clk 1:30:07]} Qe7 {[%clk 1:27:38]} 10. Ne5
{[%clk 1:23:57]} Nxe5 {[%clk 1:26:53]} 11. Bxe5 {[%clk 1:24:24]} Bd7
{[%clk 1:27:16]} 12. c4 {[%clk 1:22:00]} Rfd8 {[%clk 1:18:42]} 13. Qe2
{[%clk 1:19:43]} Rac8 {[%clk 1:14:51]} 14. Qb2 {[%clk 1:13:47]} Bc6
{[%clk 1:12:04]} 15. cxd5 {[%clk 0:59:27]} Bxd5 {[%clk 1:11:51]} 16. a3
{[%clk 0:52:06]} Ne8 {[%clk 0:54:56]} 17. e4 {[%clk 0:46:45]} Bc6
{[%clk 0:45:41]} 18. b4 {[%clk 0:46:13]} Bb6 {[%clk 0:39:00]} 19. b5
{[%clk 0:41:41]} Bd7 {[%clk 0:30:48]} 20. a4 {[%clk 0:41:30]} f6 {[%clk 0:25:23]}
21. Bc3 {[%clk 0:40:53]} e5 {[%clk 0:24:46]} 22. Nd2 {[%clk 0:33:58]} Be6
{[%clk 0:22:15]} 23. Rac1 {[%clk 0:28:36]} Bc5 {[%clk 0:19:55]} 24. Rc2
{[%clk 0:27:14]} Ba3 {[%clk 0:11:38]} 25. Qa1 {[%clk 0:24:09]} Rd3
{[%clk 0:05:48]} 26. Nb1 {[%clk 0:17:38]} Bc5 {[%clk 0:04:56]} 27. Bb2
{[%clk 0:15:36]} Rcd8 {[%clk 0:02:24]} 28. Nc3 {[%clk 0:11:30]} Bb3
{[%clk 0:02:48]} 29. Rcc1 {[%clk 0:10:53]} Nc7 {[%clk 0:01:38]} 30. Qb1
{[%clk 0:07:35]} Rd2 {[%clk 0:01:16]} 31. Ba1 {[%clk 0:00:39]} Be6
{[%clk 0:00:40]} 32. Rcd1 {[%clk 0:00:46]} Rxd1 {[%clk 0:00:36]} 33. Rxd1
{[%clk 0:01:00]} Bd4 {[%clk 0:00:37]} 34. Nd5 {[%clk 0:00:55]} Nxd5
{[%clk 0:00:35]} 35. Bxd4 {[%clk 0:03:10]} Bg4 {[%clk 0:01:31]} 36. Re1
{[%clk 0:01:46]} exd4 {[%clk 0:00:35]} 37. exd5 {[%clk 0:02:10]} Qc5
{[%clk 0:00:45]} 38. d6 {[%clk 0:01:44]} Qxd6 {[%clk 0:01:06]} 39. Qb3+
{[%clk 0:01:23]} Kh8 {[%clk 0:01:25]} 40. Bxb7 {[%clk 0:01:00]} d3
{[%clk 0:01:02]} 41. f3 {[%clk 0:01:11]} d2 {[%clk 0:01:06]} 42. Rd1
{[%clk 0:01:21]} Bh3 {[%clk 0:00:36]} 43. Qe3 {[%clk 0:01:35]} Qb4
{[%clk 0:00:37]} 44. Bd5 {[%clk 0:00:44]} h6 {[%clk 0:00:33]} 45. Bc6
{[%clk 0:00:36]} Qxa4 {[%clk 0:00:34]} 46. Qe2 {[%clk 0:00:41]} Qd4+
{[%clk 0:00:58]} 47. Kh1 {[%clk 0:00:44]} Bf5 {[%clk 0:01:03]} 48. Be4
{[%clk 0:00:56]} Be6 {[%clk 0:00:33]} 49. Bc2 {[%clk 0:01:12]} Bc4
{[%clk 0:00:36]} 50. Qe7 {[%clk 0:00:35]} Bxb5 51. Kg2 {[%clk 0:00:52]} Bc4
{[%clk 0:00:45]} 52. g4 {[%clk 0:00:39]} Bg8 {[%clk 0:00:49]} 53. h4
{[%clk 0:00:49]} Bh7 {[%clk 0:00:56]} 54. Bb3 {[%clk 0:00:32]} Qd7
{[%clk 0:00:43]} 55. Qxd7 {[%clk 0:00:00]} 0-1

[Event "December Evenings 2018"]
[Site "Chelyabinsk"]
[Date "2018.12.08"]
[Round "1.3"]
[White "Mar, Karmen"]
[Black "Filippova, Darya"]
[Result "1/2-1/2"]
[BlackElo "2066"]
[WhiteElo "2088"]
[LiveChessVersion "1.4.8"]

1. e4 {[%clk 1:30:57]} c6 {[%clk 1:30:54]} 2. d4 {[%clk 1:31:19]} d5
{[%clk 1:31:16]} 3. Nc3 {[%clk 1:31:35]} dxe4 {[%clk 1:31:35]} 4. Nxe4
{[%clk 1:31:58]} Bf5 {[%clk 1:31:38]} 5. Ng3 {[%clk 1:32:00]} Bg6
{[%clk 1:31:50]} 6. Bc4 {[%clk 1:32:01]} e6 {[%clk 1:31:13]} 7. N1e2
{[%clk 1:32:01]} Bd6 {[%clk 1:30:29]} 8. h4 {[%clk 1:30:44]} h6 {[%clk 1:30:25]}
9. Nf4 {[%clk 1:30:04]} Bxf4 {[%clk 1:29:49]} 10. Bxf4 {[%clk 1:30:28]} b5
{[%clk 1:29:31]} 11. Be2 {[%clk 1:22:30]} Nf6 {[%clk 1:26:38]} 12. Bf3
{[%clk 1:17:46]} O-O {[%clk 1:16:30]} 13. h5 {[%clk 0:59:17]} Bh7
{[%clk 1:15:42]} 14. Qd2 {[%clk 0:57:33]} Nd5 {[%clk 1:10:56]} 15. O-O-O
{[%clk 0:55:18]} Nd7 {[%clk 1:09:39]} 16. Ne4 {[%clk 0:45:11]} N7b6
{[%clk 1:07:32]} 17. Be5 {[%clk 0:43:03]} Nc4 {[%clk 1:05:33]} 18. Qe1
{[%clk 0:39:35]} Qe7 {[%clk 1:02:10]} 19. g4 {[%clk 0:27:27]} a5 {[%clk 0:54:50]}
20. Rg1 {[%clk 0:23:41]} f6 {[%clk 0:54:40]} 21. Bh2 {[%clk 0:20:52]} Rfe8
{[%clk 0:52:30]} 22. Kb1 {[%clk 0:19:03]} Nb4 {[%clk 0:47:37]} 23. Bg2
{[%clk 0:16:43]} a4 {[%clk 0:37:33]} 24. f4 {[%clk 0:14:08]} Nd5 {[%clk 0:24:11]}
25. Bf3 {[%clk 0:12:59]} Nce3 {[%clk 0:15:15]} 26. Rd3 {[%clk 0:10:45]} f5
{[%clk 0:14:54]} 27. Nc5 {[%clk 0:06:22]} fxg4 {[%clk 0:13:30]} 28. Be4
{[%clk 0:06:12]} Bxe4 {[%clk 0:13:16]} 29. Nxe4 {[%clk 0:06:24]} Nf5
{[%clk 0:11:56]} 30. Rxg4 {[%clk 0:06:11]} b4 {[%clk 0:11:46]} 31. Rg2
{[%clk 0:04:30]} Qa7 {[%clk 0:10:13]} 32. Qg1 {[%clk 0:02:31]} b3
{[%clk 0:08:46]} 33. cxb3 {[%clk 0:02:31]} axb3 {[%clk 0:08:50]} 34. a3
{[%clk 0:02:37]} Rab8 {[%clk 0:06:42]} 35. Nc5 {[%clk 0:02:00]} Rb5
{[%clk 0:06:07]} 36. Ne4 {[%clk 0:01:18]} Re7 {[%clk 0:04:46]} 37. Rg6
{[%clk 0:01:12]} Kh8 {[%clk 0:03:52]} 38. Bg3 {[%clk 0:01:11]} Rb8
{[%clk 0:02:31]} 39. Nc5 {[%clk 0:01:02]} 1/2-1/2

[Event "December Evenings 2018"]
[Site "Chelyabinsk"]
[Date "2018.12.08"]
[Round "1.4"]
[White "Eidelson, Rakhil"]
[Black "Khokhlova, Daria"]
[Result "1-0"]
[BlackElo "2230"]
[WhiteElo "2086"]
[LiveChessVersion "1.4.8"]

1. Nf3 {[%clk 1:30:54]} c5 {[%clk 1:30:58]} 2. e4 {[%clk 1:31:06]} d6
{[%clk 1:31:22]} 3. Bc4 {[%clk 1:31:24]} Nf6 {[%clk 1:30:29]} 4. d3
{[%clk 1:31:48]} e6 {[%clk 1:30:06]} 5. Bb3 {[%clk 1:31:32]} Be7 {[%clk 1:29:26]}
6. c3 {[%clk 1:31:45]} O-O {[%clk 1:29:19]} 7. O-O {[%clk 1:32:10]} Nc6
{[%clk 1:26:07]} 8. Re1 {[%clk 1:32:25]} b6 {[%clk 1:19:06]} 9. Nbd2
{[%clk 1:21:58]} Bb7 {[%clk 1:17:12]} 10. Nf1 {[%clk 1:20:15]} Qc7
{[%clk 1:12:54]} 11. Ng3 {[%clk 1:19:24]} Rac8 {[%clk 1:07:25]} 12. h3
{[%clk 1:14:24]} a6 {[%clk 1:04:24]} 13. Bf4 {[%clk 1:10:02]} Nd7
{[%clk 1:03:26]} 14. Rc1 {[%clk 1:08:24]} Nde5 {[%clk 1:01:05]} 15. Nxe5
{[%clk 1:05:11]} dxe5 {[%clk 1:01:03]} 16. Be3 {[%clk 1:05:19]} Kh8
{[%clk 0:59:13]} 17. Qg4 {[%clk 1:02:19]} Qd7 {[%clk 0:56:28]} 18. Qe2
{[%clk 0:58:03]} f5 {[%clk 0:53:26]} 19. exf5 {[%clk 0:58:23]} exf5
{[%clk 0:53:53]} 20. Bd2 {[%clk 0:50:31]} Rcd8 {[%clk 0:51:22]} 21. Rcd1
{[%clk 0:49:02]} Bh4 {[%clk 0:46:22]} 22. Qh5 {[%clk 0:45:48]} Bxg3
{[%clk 0:44:46]} 23. fxg3 {[%clk 0:46:16]} Rde8 {[%clk 0:36:31]} 24. Bc1
{[%clk 0:43:17]} Na5 {[%clk 0:35:01]} 25. Bc2 {[%clk 0:42:05]} Qd5
{[%clk 0:34:07]} 26. Rd2 {[%clk 0:38:07]} Qxa2 {[%clk 0:31:52]} 27. Rf2
{[%clk 0:29:07]} Qe6 {[%clk 0:25:40]} 28. d4 {[%clk 0:28:13]} e4 {[%clk 0:22:50]}
29. Be3 {[%clk 0:25:37]} c4 {[%clk 0:18:24]} 30. Ref1 {[%clk 0:23:48]} g6
{[%clk 0:17:25]} 31. Qh6 {[%clk 0:23:07]} Bd5 {[%clk 0:16:46]} 32. Ra1
{[%clk 0:22:28]} Qc8 {[%clk 0:15:29]} 33. Raf1 {[%clk 0:21:24]} Kg8
{[%clk 0:14:05]} 34. h4 {[%clk 0:21:12]} Nc6 {[%clk 0:12:20]} 35. h5
{[%clk 0:20:07]} Qe6 {[%clk 0:10:07]} 36. Rf4 {[%clk 0:18:40]} Nd8
{[%clk 0:08:02]} 37. hxg6 {[%clk 0:18:15]} Qxg6 {[%clk 0:08:27]} 38. Qh3
{[%clk 0:18:01]} Be6 {[%clk 0:07:48]} 39. Qh4 {[%clk 0:13:01]} Nf7
{[%clk 0:06:07]} 40. Bd1 {[%clk 0:11:02]} Rd8 {[%clk 0:04:59]} 41. R4f2
{[%clk 0:10:23]} Rd5 {[%clk 0:03:41]} 42. Bh5 {[%clk 0:09:45]} Qg7
{[%clk 0:03:54]} 43. g4 {[%clk 0:06:39]} fxg4 {[%clk 0:04:15]} 44. Rf6
{[%clk 0:06:42]} Rd6 {[%clk 0:03:17]} 45. Bxf7+ {[%clk 0:03:40]} Rxf7
{[%clk 0:03:39]} 46. Bh6 {[%clk 0:03:54]} 1-0

[Event "December Evenings 2018"]
[Site "Chelyabinsk"]
[Date "2018.12.08"]
[Round "1.5"]
[White "Vinokur, Yuliya"]
[Black "Benderac, Ana"]
[Result "1/2-1/2"]
[BlackElo "2240"]
[WhiteElo "2170"]
[LiveChessVersion "1.4.8"]

1. d4 {[%clk 1:30:57]} d5 {[%clk 1:30:49]} 2. c4 {[%clk 1:31:11]} c6
{[%clk 1:30:52]} 3. Nf3 {[%clk 1:31:34]} Nf6 {[%clk 1:30:52]} 4. Qc2
{[%clk 1:31:14]} g6 {[%clk 1:29:01]} 5. g3 {[%clk 1:26:37]} Bg7 {[%clk 1:27:00]}
6. Bg2 {[%clk 1:26:53]} O-O {[%clk 1:23:17]} 7. O-O {[%clk 1:26:38]} dxc4
{[%clk 1:20:08]} 8. a4 {[%clk 1:21:46]} Na6 {[%clk 1:10:51]} 9. Na3
{[%clk 1:09:50]} Qd5 {[%clk 1:03:03]} 10. Rd1 {[%clk 1:02:26]} Bf5
{[%clk 0:46:22]} 11. Qxc4 {[%clk 1:01:50]} Qxc4 {[%clk 0:46:08]} 12. Nxc4
{[%clk 1:02:10]} Be4 {[%clk 0:44:52]} 13. Nfe5 {[%clk 0:58:30]} Bxg2
{[%clk 0:43:36]} 14. Kxg2 {[%clk 0:58:50]} Rfd8 {[%clk 0:42:49]} 15. b3
{[%clk 0:48:09]} Nd5 {[%clk 0:39:16]} 16. Ba3 {[%clk 0:46:14]} Nc3
{[%clk 0:34:52]} 17. Rd3 {[%clk 0:38:22]} Nxe2 {[%clk 0:28:10]} 18. Rad1
{[%clk 0:32:52]} b5 {[%clk 0:25:16]} 19. Nxc6 {[%clk 0:26:12]} bxc4
{[%clk 0:24:57]} 20. bxc4 {[%clk 0:26:35]} Rd7 {[%clk 0:23:49]} 21. Kf3
{[%clk 0:24:26]} Nxd4+ {[%clk 0:22:28]} 22. Nxd4 {[%clk 0:24:43]} Rad8
{[%clk 0:16:39]} 23. Ke3 {[%clk 0:23:52]} Nb8 {[%clk 0:16:36]} 24. Nb5
{[%clk 0:17:43]} Rxd3+ {[%clk 0:16:47]} 25. Rxd3 {[%clk 0:18:11]} Rxd3+
{[%clk 0:17:13]} 26. Kxd3 {[%clk 0:18:35]} Nc6 {[%clk 0:16:51]} 27. f4
{[%clk 0:16:00]} f5 {[%clk 0:16:33]} 28. Bc5 {[%clk 0:12:15]} a6 {[%clk 0:16:56]}
29. Nd4 {[%clk 0:10:20]} Bxd4 {[%clk 0:16:49]} 30. Bxd4 {[%clk 0:10:43]} Kf7
{[%clk 0:17:14]} 31. Bb2 {[%clk 0:09:24]} Ke6 {[%clk 0:16:18]} 32. Ba3
{[%clk 0:09:12]} h6 {[%clk 0:16:03]} 33. Bb2 {[%clk 0:08:19]} Kd6
{[%clk 0:15:31]} 34. Ba3+ {[%clk 0:08:02]} Kc7 {[%clk 0:15:02]} 35. Bc5
{[%clk 0:07:32]} e5 {[%clk 0:11:18]} 36. fxe5 {[%clk 0:05:01]} Nxe5+
{[%clk 0:11:41]} 37. Kd4 {[%clk 0:02:49]} Nf3+ {[%clk 0:11:46]} 38. Kd5
{[%clk 0:03:14]} Nxh2 {[%clk 0:11:33]} 39. Bd6+ {[%clk 0:03:37]} Kb7
{[%clk 0:09:05]} 40. c5 {[%clk 0:03:12]} Nf3 {[%clk 0:09:19]} 41. c6+
{[%clk 0:03:21]} Kc8 {[%clk 0:09:46]} 42. Kc5 {[%clk 0:02:37]} g5
{[%clk 0:09:05]} 43. Kb6 {[%clk 0:02:38]} Nd4 {[%clk 0:09:12]} 44. a5
{[%clk 0:02:08]} h5 {[%clk 0:08:53]} 45. Be5 {[%clk 0:01:56]} Nf3
{[%clk 0:06:39]} 46. Bd6 {[%clk 0:01:54]} Nd4 {[%clk 0:06:23]} 47. Be5
{[%clk 0:01:54]} Nf3 {[%clk 0:05:10]} 48. Bd6 {[%clk 0:02:18]} 1/2-1/2

[Event "December Evenings 2018"]
[Site "Chelyabinsk"]
[Date "2018.12.08"]
[Round "1.6"]
[White "Harutjunyan, Gevorg"]
[Black "Borisenko, Viacheslav"]
[Result "1-0"]
[BlackElo "2289"]
[WhiteElo "2487"]
[LiveChessVersion "1.4.8"]

1. e4 {[%clk 1:30:57]} c5 {[%clk 1:30:29]} 2. Nf3 {[%clk 1:31:11]} e6
{[%clk 1:30:50]} 3. d4 {[%clk 1:30:52]} cxd4 {[%clk 1:31:15]} 4. Nxd4
{[%clk 1:31:16]} Nf6 {[%clk 1:31:39]} 5. Nc3 {[%clk 1:31:20]} Nc6
{[%clk 1:32:05]} 6. Nxc6 {[%clk 1:29:07]} bxc6 {[%clk 1:32:31]} 7. Bd3
{[%clk 1:29:28]} d5 {[%clk 1:32:57]} 8. Qf3 {[%clk 1:27:43]} Bd6 {[%clk 1:29:25]}
9. Bf4 {[%clk 1:23:05]} Bxf4 {[%clk 1:25:38]} 10. Qxf4 {[%clk 1:23:26]} O-O
{[%clk 1:24:45]} 11. O-O {[%clk 1:17:00]} c5 {[%clk 1:22:05]} 12. Rad1
{[%clk 1:16:16]} Qb6 {[%clk 1:21:56]} 13. exd5 {[%clk 1:06:23]} exd5
{[%clk 1:20:44]} 14. b3 {[%clk 1:04:26]} Bb7 {[%clk 1:17:48]} 15. Rfe1
{[%clk 1:01:35]} Rae8 {[%clk 1:17:07]} 16. Nb5 {[%clk 0:53:45]} Rxe1+
{[%clk 1:06:27]} 17. Rxe1 {[%clk 0:53:44]} a6 {[%clk 1:06:53]} 18. Nd6
{[%clk 0:53:03]} Qc7 {[%clk 1:03:17]} 19. Qg3 {[%clk 0:51:36]} Bc6
{[%clk 0:52:43]} 20. Kf1 {[%clk 0:42:43]} g6 {[%clk 0:49:12]} 21. Ne4
{[%clk 0:38:24]} Qe7 {[%clk 0:47:48]} 22. Ng5 {[%clk 0:35:06]} Ne4
{[%clk 0:42:21]} 23. Nxe4 {[%clk 0:33:48]} dxe4 {[%clk 0:42:45]} 24. Qf4
{[%clk 0:32:07]} Re8 {[%clk 0:41:45]} 25. Bxa6 {[%clk 0:31:34]} Ra8
{[%clk 0:41:17]} 26. Bd3 {[%clk 0:28:26]} Rxa2 {[%clk 0:41:23]} 27. f3
{[%clk 0:21:37]} f5 {[%clk 0:36:13]} 28. fxe4 {[%clk 0:20:37]} fxe4
{[%clk 0:35:10]} 29. Bxe4 {[%clk 0:15:51]} Bxe4 {[%clk 0:35:23]} 30. Rxe4
{[%clk 0:16:15]} Qd8 {[%clk 0:30:19]} 31. Qf2 {[%clk 0:13:11]} Ra7
{[%clk 0:24:44]} 32. Qxc5 {[%clk 0:09:21]} Qd1+ {[%clk 0:22:47]} 33. Kf2
{[%clk 0:09:26]} Rf7+ {[%clk 0:23:06]} 34. Kg3 {[%clk 0:09:43]} Rf5
{[%clk 0:22:26]} 35. Qc4+ {[%clk 0:08:03]} Kf8 {[%clk 0:22:13]} 36. Qb4+
{[%clk 0:07:29]} Kg8 {[%clk 0:21:37]} 37. Qc4+ {[%clk 0:07:01]} Kf8
{[%clk 0:21:52]} 38. h4 {[%clk 0:06:21]} Qd6+ {[%clk 0:13:54]} 39. Kh3
{[%clk 0:06:35]} Rc5 {[%clk 0:09:57]} 40. Rf4+ {[%clk 0:04:57]} Kg7
{[%clk 0:10:18]} 41. Qf7+ {[%clk 0:05:10]} Kh6 {[%clk 0:10:35]} 42. c4
{[%clk 0:04:45]} Qd3+ {[%clk 0:08:25]} 43. Rf3 {[%clk 0:04:54]} Qd4
{[%clk 0:08:43]} 44. g4 {[%clk 0:02:47]} Qh8 {[%clk 0:07:57]} 45. Qf4+
{[%clk 0:02:58]} g5 {[%clk 0:08:00]} 46. Qd6+ {[%clk 0:03:19]} 1-0

[Event "December Evenings 2018"]
[Site "Chelyabinsk"]
[Date "2018.12.08"]
[Round "1.8"]
[White "Nugumanov, Bakhtiyar"]
[Black "Mischuk, Dmitry"]
[Result "1-0"]
[BlackElo "2363"]
[WhiteElo "2391"]
[LiveChessVersion "1.4.8"]

1. e4 {[%clk 1:30:50]} c5 {[%clk 1:29:07]} 2. Nf3 {[%clk 1:30:53]} Nf6
{[%clk 1:29:31]} 3. e5 {[%clk 1:28:06]} Nd5 {[%clk 1:29:47]} 4. c3
{[%clk 1:26:08]} Nc6 {[%clk 1:25:47]} 5. Bc4 {[%clk 1:25:15]} Nb6
{[%clk 1:25:10]} 6. Bb3 {[%clk 1:25:08]} c4 {[%clk 1:21:59]} 7. Bc2
{[%clk 1:25:29]} d6 {[%clk 1:12:58]} 8. exd6 {[%clk 1:25:32]} Qxd6
{[%clk 1:09:26]} 9. O-O {[%clk 1:22:42]} g6 {[%clk 1:09:02]} 10. b3
{[%clk 1:20:17]} cxb3 {[%clk 1:07:27]} 11. axb3 {[%clk 1:20:02]} Bg7
{[%clk 1:07:42]} 12. d4 {[%clk 1:16:16]} O-O {[%clk 1:07:14]} 13. Nbd2
{[%clk 1:14:30]} Rd8 {[%clk 1:06:00]} 14. Qe2 {[%clk 1:08:53]} Qc7
{[%clk 0:53:57]} 15. Be4 {[%clk 1:00:33]} Nd5 {[%clk 0:47:59]} 16. Bb2
{[%clk 0:58:56]} Nf4 {[%clk 0:37:08]} 17. Qe3 {[%clk 0:56:27]} Nd5
{[%clk 0:33:40]} 18. Qe2 {[%clk 0:51:29]} Nf4 {[%clk 0:33:55]} 19. Qe3
{[%clk 0:50:31]} Nd5 {[%clk 0:33:59]} 20. Bxd5 {[%clk 0:50:16]} Rxd5
{[%clk 0:34:23]} 21. c4 {[%clk 0:48:46]} Rd8 {[%clk 0:32:19]} 22. Bc3
{[%clk 0:46:33]} Qb6 {[%clk 0:24:09]} 23. Rfe1 {[%clk 0:35:08]} e6
{[%clk 0:20:13]} 24. c5 {[%clk 0:23:36]} Qc7 {[%clk 0:16:28]} 25. Nc4
{[%clk 0:22:49]} Bd7 {[%clk 0:13:57]} 26. d5 {[%clk 0:19:38]} exd5
{[%clk 0:11:52]} 27. Bxg7 {[%clk 0:19:54]} Kxg7 {[%clk 0:12:15]} 28. Nd6
{[%clk 0:19:59]} h6 {[%clk 0:08:08]} 29. Qf4 {[%clk 0:18:57]} 1-0